| 000 | 04543nam0a22003611 4500 | ||
|---|---|---|---|
| 001 | v19\rc\1554120 | ||
| 005 | 20250618184826.0 | ||
| 035 | _a(NLR Aleph) 004668302 | ||
| 090 |
_a3643565 _c3643565 |
||
| 100 | _a20060620g18901896|||y0rusy50 ca | ||
| 101 | 0 | _arus | |
| 102 | _aRU | ||
| 105 | _ay z ||||| | ||
| 200 | 1 |
_aГражданский процесс _eПракт. коммент. на вторую кн. Устава гражд. судопроизводства _fСост. В.Л. Исаченко, тов. пред. Мин. окр. суда. Т. 1-6 |
|
| 210 |
_aМинск _cтипо-лит. Б.и. Соломонова _d1890-1896 |
||
| 215 |
_a6 т. _d21 |
||
| 300 | _aИзд. вышло в 17 вып. | ||
| 327 | 1 | _aСодерж.: Т. 1. Вып. 1. О подсудности. Вып. 2. О пререканиях, о поверенных и об исковых прошениях. Вып. 3. О цене иска, о производстве до слушания дела, и доклад дела, и словесное состязание тяжущихся. Вып. 4. Предъявление встречного иска; заключение прокурора; о сокращенном судопроизводстве. Т. 2. Вып. 1. О доказательствах: (Ст. 366-411). Вып. 2. О доказательствах (ст. 412-498). Вып. 3. Поверка доказательств: (Ст. 499-565). Т. 3. Вып. 1. О частных производствах, отводы и возражения. Вып. 2. Обеспечение исков: (Ст. 590-652³). Вып. 3. Третьи лица. Устранение судей и прокуроров. Приостановление, возобновление и уничтожение производства. Т. 4. Вып. 1. О решении (ст. 693-742). Вып. 2. О порядке обжалования решений общих судебных установлений (ст. 743-815). Вып. 3. О сроках. О судебных издержках. О законной силе решения (ст. 816-895). Т. 5. Вып. 1. Исполнение судебных решений (ст. 896-999). Вып. 2. Исполнение судебных решений (ст. 1000-1093). Т. 6. Вып. 1. Об исполнении судебных решений (ст. 1094-1182). Вып. 2. Об исполнении судебных решений (ст. 1183-1281) | |
| 464 | 0 |
_12001#$aО подсудности$aО пререканиях, о поверенных и об исковых прошениях$aО цене иска, о производстве до слушания дела, и доклад дела, и словесное состязание тяжущихся$aПредъявление встречного иска$aЗаключение прокурора$aО сокращенном судопроизводстве$aО доказательствах$eСт. 366-411$aО доказательствах$eСт. 412-498$aПоверка доказательств$eСт. 499-565$aО частных производствах, отводы и возражения$aОбеспечение исков$eСт. 590-652³$aТретьи лица$aУстранение судей и прокуроров$aПриостановление, возобновление и уничтожение производства$aО решении$eСт. 693-742$aО порядке обжалования решений общих судебных установлений$eСт. 743-815$aО сроках$aО судебных издержках$aО законной силе решения$eСт. 816-895$aИсполнение судебных решений$eСт. 896-999$aИсполнение судебных решений$eСт. 1000-1093$aОб исполнении судебных решений$eСт. 1094-1182$aОб исполнении судебных решений$eСт. 1183-1281 _tОб исполнении судебных решений |
|
| 700 | 1 |
_aИсаченко _bВ.Л. _f1839-1915 _gВасилий Лаврентьевич _4220 |
|
| 801 | 0 |
_aRU _bNLR _gpsbo |
|
| 801 | 0 |
_aRU _bRuMoRGB _2psbo |
|
| 801 | 1 |
_aRU _bProSoft-M _2rusmarc |
|
| 852 |
_aNLR _j18.209.6.25 |
||
| 899 |
_aRuMoRGB _jA 216/9 |
||
| 899 |
_aRuMoRGB _jD 58/91 |
||
| 899 |
_aRuMoRGB _jЯ 248/42 |
||
| 899 | _aБАН | ||
| 899 | _aНБ СПбГУ (1-2) | ||
| 899 | _aГПИБ | ||
| 899 | _aНБ МГУ (1-6) | ||
| 942 | _cBOOK | ||
| 980 | _aNB | ||